[Event "Civil Service Ch 9th"]
[Site "Leeds"]
[Date "1999.07.28"]
[Round "1"]
[White "Calvert, David Ian"]
[Black "Wager, John D"]
[Result "1/2-1/2"]
[WhiteElo "1885"]
[BlackElo "2110"]
[PlyCount "105"]
[EventDate "1999.07.28"]
[EventType "swiss"]
[EventRounds "5"]
[EventCountry "ENG"]
[SourceTitle "BritBase"]
[Source "John Saunders"]
[SourceDate "2024.12.03"]
[SourceVersion "1"]
[SourceVersionDate "2024.12.03"]
[SourceQuality "1"]

1. b3 d5 2. Bb2 Bg4 3. Nf3 Bxf3 4. exf3 Nf6 5. d4 e6 6. Bd3 Nbd7 7. O-O Bd6 8. c4 c6 9. Nd2 O-O 10. g3 Re8 11. f4 g6 12. Re1 Nh5 13. Nf3 a6 14. a4 Ng7 15. Ne5 f6 16. Nxd7 Qxd7 17. Qf3 Rac8 18. Re2 f5 19. Bc2 Be7 20. Rae1 Bf6 21. c5 Qc7 22. Qc3 Kf7 23. a5 h6 24. Bc1 g5 25. b4 g4 26. Kg2 h5 27. Rh1 Rh8 28. h4 gxh3+ 29. Rxh3 Rh6 30. Re1 Rch8 31. Reh1 Qc8 32. Be3 Qg8 33. Bd1 Be7 34. Be2 R8h7 35. Qe1 Qh8 36. Qg1 h4 37. Kf1 hxg3 38. Rxh6 Rxh6 39. Rxh6 g2+ 40. Qxg2 Qxh6 41. Ke1 Ne8 42. Bf3 Nf6 43. Qf1 Ne4 44. Bxe4 dxe4 45. Qg2 Qh5 46. Kd2 Bf6 47. Qg1 Qh3 48. Qg3 Qf1 49. Qh2 Qd3+ 50. Kc1 Qf1+ 51. Kd2 Qd3+ 52. Kc1 Qc3+ 53. Kd1 1/2-1/2

[Event "Civil Service Ch 9th"]
[Site "Leeds"]
[Date "1999.07.28"]
[Round "1"]
[White "Coleman, G"]
[Black "Ashby, Anthony C"]
[Result "0-1"]
[WhiteElo "1750"]
[BlackElo "1980"]
[PlyCount "66"]
[EventDate "1999.07.28"]
[EventType "swiss"]
[EventRounds "5"]
[EventCountry "ENG"]
[SourceTitle "BritBase"]
[Source "John Saunders"]
[SourceDate "2024.12.03"]
[SourceVersion "1"]
[SourceVersionDate "2024.12.03"]
[SourceQuality "1"]

1. e4 e6 2. d4 d5 3. Nc3 Bb4 4. a3 Bxc3+ 5. bxc3 dxe4 6. Qg4 Nf6 7. Qxg7 Rg8 8. Qh6 Rg6 9. Qh4 b6 10. Bg5 Bb7 11. Ne2 h6 12. Bxh6 Rg4 13. Qh3 Qd5 14. Bd2 Nbd7 15. Nf4 Qf5 16. Be2 Rxf4 17. Bxf4 Qxf4 18. Qe3 Qf5 19. c4 O-O-O 20. O-O Rh8 21. Rab1 Ng4 22. Bxg4 Qxg4 23. c5 f5 24. h3 Qg6 25. cxb6 axb6 26. c4 Rg8 27. g3 Qh7 28. Kg2 Rf8 29. c5 f4 30. Qc3 f3+ 31. Kh2 Nf6 32. Rh1 e3 33. Rb2 Qxh3+ 0-1

[Event "Civil Service Ch 9th"]
[Site "Leeds"]
[Date "1999.07.28"]
[Round "1"]
[White "Lewyk, Ihor"]
[Black "Nicholas, Jeff J"]
[Result "0-1"]
[WhiteElo "1975"]
[BlackElo "1720"]
[PlyCount "126"]
[EventDate "1999.07.28"]
[EventType "swiss"]
[EventRounds "5"]
[EventCountry "ENG"]
[SourceTitle "BritBase"]
[Source "John Saunders"]
[SourceDate "2024.12.03"]
[SourceVersion "1"]
[SourceVersionDate "2024.12.03"]
[SourceQuality "1"]

1. e4 c5 2. Nf3 e6 3. d4 cxd4 4. Nxd4 a6 5. Be3 Nf6 6. Bd3 e5 7. Nf5 d5 8. Nd2 dxe4 9. Nxe4 Bxf5 10. Nxf6+ Qxf6 11. Qf3 Bxd3 12. Qxb7 Qc6 13. Qxc6+ Nxc6 14. cxd3 Bb4+ 15. Ke2 O-O 16. Rac1 Rac8 17. Rc4 Bd6 18. Rhc1 Ne7 19. a3 a5 20. R1c2 Rxc4 21. dxc4 Nc6 22. Rd2 Be7 23. Bb6 Bf6 24. Rd5 a4 25. Kd3 e4+ 26. Kc2 h6 27. Rd6 Rc8 28. b3 axb3+ 29. Kxb3 Be7 30. Rd5 Rb8 31. Rb5 Kf8 32. a4 Ke8 33. Kc3 Bf6+ 34. Kd2 Ra8 35. a5 Be7 36. Ke3 Bb4 37. Kxe4 Bxa5 38. Be3 Bd8 39. Rb7 Rb8 40. Rb5 Rxb5 41. cxb5 Ne7 42. Bd4 f6 43. g4 Kd7 44. h4 Ng6 45. h5 Ne7 46. f4 Ke6 47. g5 Nf5 48. gxh6 Nxh6 49. Bc5 Bc7 50. b6 Bb8 51. b7 Nf5 52. Bf8 Ng3+ 53. Kf3 Nxh5 54. Kg4 Nxf4 55. Bxg7 Nd5 56. Bh6 f5+ 57. Kf3 Kd7 58. Ke2 Kc6 59. Kd3 Kxb7 60. Kd4 Kc6 61. Bd2 Kd6 62. Be1 Ke6 63. Bf2 Ba7+ 0-1

[Event "Civil Service Ch 9th"]
[Site "Leeds"]
[Date "1999.07.28"]
[Round "1"]
[White "Maxwell, Alistair"]
[Black "Wedlock, Stephen L"]
[Result "1/2-1/2"]
[WhiteElo "2005"]
[BlackElo "1775"]
[PlyCount "90"]
[EventDate "1999.07.28"]
[EventType "swiss"]
[EventRounds "5"]
[EventCountry "ENG"]
[SourceTitle "BritBase"]
[Source "John Saunders"]
[SourceDate "2024.12.03"]
[SourceVersion "1"]
[SourceVersionDate "2024.12.03"]
[SourceQuality "1"]

1. e4 e5 2. Nf3 Nc6 3. Bb5 d6 4. O-O Nf6 5. d4 exd4 6. Qxd4 Bd7 7. Bxc6 bxc6 8. Nc3 c5 9. Qd3 Bc6 10. Bf4 Be7 11. e5 Ng4 12. exd6 cxd6 13. Rad1 O-O 14. h3 Bxf3 15. Qxf3 Nf6 16. Nd5 Nxd5 17. Qxd5 Qd7 18. Bxd6 Rfd8 19. Bxe7 Qxd5 20. Bxd8 Qxa2 21. Be7 Qxb2 22. Bxc5 a5 23. c4 f6 24. Bd6 a4 25. Ra1 Kf7 26. Ba3 Qc3 27. Rfc1 Qd4 28. c5 Re8 29. c6 Rc8 30. c7 Qe5 31. Re1 Qf4 32. Rad1 Qxc7 33. Re4 Rd8 34. Rde1 Qa5 35. Re7+ Kg6 36. R1e3 Rd1+ 37. Kh2 Rd5 38. Rb7 Re5 39. Rd3 Rg5 40. Rdd7 Qe5+ 41. g3 Kh5 42. Bc1 Rxg3 43. fxg3 Qe2+ 44. Kh1 Qf1+ 45. Kh2 Qf2+ 1/2-1/2

[Event "Civil Service Ch 9th"]
[Site "Leeds"]
[Date "1999.07.28"]
[Round "1"]
[White "Reese, Jon D"]
[Black "Lyne, Colin J"]
[Result "1/2-1/2"]
[WhiteElo "1640"]
[BlackElo "1960"]
[PlyCount "58"]
[EventDate "1999.07.28"]
[EventType "swiss"]
[EventRounds "5"]
[EventCountry "ENG"]
[SourceTitle "BritBase"]
[Source "John Saunders"]
[SourceDate "2024.12.03"]
[SourceVersion "1"]
[SourceVersionDate "2024.12.03"]
[SourceQuality "1"]

1. d4 Nf6 2. Nf3 e6 3. g3 d5 4. Bg2 Be7 5. O-O O-O 6. Nbd2 c5 7. c3 Nc6 8. Re1 b6 9. e4 dxe4 10. Nxe4 Nxe4 11. Rxe4 Bb7 12. h4 Qd7 13. Bg5 Bxg5 14. Nxg5 Rad8 15. Nf3 Qd6 16. Qa4 Rd7 17. dxc5 Qxc5 18. Rae1 Rfd8 19. R4e2 b5 20. Qc2 h6 21. Rd2 Rxd2 22. Nxd2 Nd4 23. Qb1 Bxg2 24. Kxg2 Qd5+ 25. Qe4 Nf5 26. Qxd5 Rxd5 27. Re2 Kf8 28. Ne4 Ke7 29. Rd2 Rxd2 1/2-1/2

[Event "Civil Service Ch 9th"]
[Site "Leeds"]
[Date "1999.07.28"]
[Round "1"]
[White "Thurlow, Kevin J"]
[Black "Archer, Richard P"]
[Result "1-0"]
[WhiteElo "2085"]
[BlackElo "1860"]
[PlyCount "97"]
[EventDate "1999.07.28"]
[EventType "swiss"]
[EventRounds "5"]
[EventCountry "ENG"]
[SourceTitle "BritBase"]
[Source "John Saunders"]
[SourceDate "2024.12.03"]
[SourceVersion "1"]
[SourceVersionDate "2024.12.03"]
[SourceQuality "1"]

1. Nf3 d5 2. b3 Nf6 3. Bb2 c6 4. e3 Bg4 5. c4 e6 6. Be2 Nbd7 7. O-O Bd6 8. h3 Bxf3 9. Bxf3 Ne5 10. Be2 O-O 11. f4 Ng6 12. Qe1 Rc8 13. Na3 Re8 14. Rc1 a6 15. c5 Bb8 16. d3 Qe7 17. Nb1 Nf8 18. Be5 N6d7 19. d4 f6 20. Bxb8 Rxb8 21. Bh5 g6 22. Bg4 f5 23. Bf3 Nf6 24. g4 N8d7 25. g5 Ne4 26. Bxe4 fxe4 27. Nc3 e5 28. dxe5 Nxc5 29. Qg3 Nd3 30. Rc2 Rf8 31. Nd1 Rbd8 32. Nf2 Nxf2 33. Qxf2 Qe6 34. Kg2 Rd7 35. Rd1 Rdf7 36. Rd4 Rf5 37. Qg3 b5 38. b4 Ra8 39. Qe1 Rf7 40. Rd1 Kg7 41. Rdc1 Rc7 42. Rc5 Rd8 43. Rd1 Rcd7 44. Qc3 Rc8 45. Qa3 h6 46. gxh6+ Kxh6 47. Qxa6 g5 48. Qxc8 gxf4 49. Rxc6 1-0

[Event "Civil Service Ch 9th"]
[Site "Leeds"]
[Date "1999.07.28"]
[Round "1"]
[White "Walker, Martin Graham"]
[Black "Lane, Nancy S"]
[Result "1-0"]
[WhiteElo "2120"]
[BlackElo "1910"]
[PlyCount "131"]
[EventDate "1999.07.28"]
[EventType "swiss"]
[EventRounds "5"]
[EventCountry "ENG"]
[SourceTitle "BritBase"]
[Source "John Saunders"]
[SourceDate "2024.12.03"]
[SourceVersion "1"]
[SourceVersionDate "2024.12.03"]
[SourceQuality "1"]

1. e4 e5 2. Nf3 Nc6 3. Bb5 a6 4. Ba4 d6 5. O-O Nf6 6. Re1 Bg4 7. c3 Be7 8. d3 O-O 9. Nbd2 b5 10. Bc2 d5 11. Qe2 d4 12. a3 Bc5 13. h3 Bh5 14. Nf1 Nd7 15. g4 Bg6 16. Ng3 Nb6 17. b4 Be7 18. cxd4 Nxd4 19. Nxd4 Qxd4 20. Rb1 Qd8 21. Bb2 f6 22. Rbc1 a5 23. d4 exd4 24. Qxb5 Be8 25. Qd3 axb4 26. axb4 g6 27. Bxd4 Bf7 28. Rb1 Nc4 29. Red1 Na3 30. Ra1 Bxb4 31. Bb3 c5 32. Bxf7+ Rxf7 33. Qb3 cxd4 34. Qxb4 Nc2 35. Rxa8 Qxa8 36. Qc4 d3 37. Qxd3 Nb4 38. Qc4 Nc6 39. Qd5 Qe8 40. Rc1 Ne5 41. Ra1 Kg7 42. Ra6 Qb8 43. Ra8 Nf3+ 44. Kg2 Nh4+ 45. Kh2 Nf3+ 46. Kg2 Nh4+ {Black offered draw} 47. Kf1 Qb1+ 48. Ke2 Qc2+ 49. Qd2 Qc4+ 50. Qd3 Qc6 51. Ra6 Qc7 52. Rd6 Ng2 53. Kf1 Nf4 54. Qd2 Nxh3 55. Kg2 Ng5 56. f4 Nxe4 57. Nxe4 Qb7 58. Rd5 Qc6 59. g5 f5 60. Qd4+ Kg8 61. Nf6+ Kg7 62. Kg3 h6 63. Rd8 hxg5 64. Rg8+ Kh6 65. Rh8+ Kg7 66. Nh5# 1-0

[Event "Civil Service Ch 9th"]
[Site "Leeds"]
[Date "1999.07.28"]
[Round "2"]
[White "Ashby, Anthony C"]
[Black "Walker, Martin Graham"]
[Result "0-1"]
[WhiteElo "1980"]
[BlackElo "2120"]
[PlyCount "50"]
[EventDate "1999.07.28"]
[EventType "swiss"]
[EventRounds "5"]
[EventCountry "ENG"]
[SourceTitle "BritBase"]
[Source "John Saunders"]
[SourceDate "2024.12.03"]
[SourceVersion "1"]
[SourceVersionDate "2024.12.03"]
[SourceQuality "1"]

1. e4 Nf6 2. Nc3 d5 3. e5 d4 4. Nce2 Ng4 5. f4 c5 6. Ng3 g6 7. Be2 Nh6 8. Nf3 Bg7 9. d3 O-O 10. O-O Nc6 11. Re1 f6 12. Ne4 b6 13. c3 fxe5 14. fxe5 Ng4 15. Nxd4 Nxd4 16. cxd4 Qxd4+ 17. Kh1 Nxe5 18. Ng5 Bb7 19. Bf1 Qh4 20. h3 h6 21. Ne4 c4 22. Kh2 cxd3 23. Ng3 Rf2 24. Be3 Rxf1 25. Rc1 Nf3+ 0-1

[Event "Civil Service Ch 9th"]
[Site "Leeds"]
[Date "1999.07.28"]
[Round "2"]
[White "Charter, Mark R"]
[Black "Maxwell, Alistair"]
[Result "1/2-1/2"]
[WhiteElo "2045"]
[BlackElo "2005"]
[PlyCount "43"]
[EventDate "1999.07.28"]
[EventType "swiss"]
[EventRounds "5"]
[EventCountry "ENG"]
[SourceTitle "BritBase"]
[Source "John Saunders"]
[SourceDate "2024.12.03"]
[SourceVersion "1"]
[SourceVersionDate "2024.12.03"]
[SourceQuality "1"]

1. d4 Nf6 2. e3 d6 3. Nf3 g6 4. Nc3 Bg7 5. Ne2 O-O 6. Ng3 c5 7. Be2 b6 8. O-O Ba6 9. c4 cxd4 10. exd4 d5 11. b3 Ne4 12. Bb2 Nc6 13. Re1 Nxg3 14. hxg3 e6 15. Qd2 Rc8 16. Qf4 Qf6 17. Rac1 Qxf4 18. gxf4 dxc4 19. Bxc4 Bxc4 20. Rxc4 Na5 21. Rxc8 Rxc8 22. Rc1 1/2-1/2

[Event "Civil Service Ch 9th"]
[Site "Leeds"]
[Date "1999.07.28"]
[Round "2"]
[White "Lane, Nancy S"]
[Black "Coleman, G"]
[Result "0-1"]
[WhiteElo "1910"]
[BlackElo "1750"]
[PlyCount "28"]
[EventDate "1999.07.28"]
[EventType "swiss"]
[EventRounds "5"]
[EventCountry "ENG"]
[SourceTitle "BritBase"]
[Source "John Saunders"]
[SourceDate "2024.12.03"]
[SourceVersion "1"]
[SourceVersionDate "2024.12.03"]
[SourceQuality "1"]

1. e4 e5 2. Nc3 Nc6 3. g3 Bc5 4. Bg2 d6 5. Nge2 Bg4 6. Na4 Nd4 7. Nac3 Nf3+ 8. Bxf3 Bxf3 9. O-O Qd7 10. Nd5 Qg4 11. Re1 Nf6 12. Nxf6+ gxf6 13. c3 Bxe4 14. Qa4+ b5 0-1

[Event "Civil Service Ch 9th"]
[Site "Leeds"]
[Date "1999.07.28"]
[Round "2"]
[White "Lyne, Colin J"]
[Black "Tolan, John"]
[Result "0-1"]
[WhiteElo "1960"]
[BlackElo "1920"]
[PlyCount "50"]
[EventDate "1999.07.28"]
[EventType "swiss"]
[EventRounds "5"]
[EventCountry "ENG"]
[SourceTitle "BritBase"]
[Source "John Saunders"]
[SourceDate "2024.12.03"]
[SourceVersion "1"]
[SourceVersionDate "2024.12.03"]
[SourceQuality "1"]

1. e4 c5 2. Nf3 Nc6 3. d4 cxd4 4. Nxd4 Nf6 5. Nc3 e6 6. Ndb5 d6 7. Bg5 a6 8. Na3 b5 9. Ne2 Be7 10. f3 Bb7 11. Nd4 Rc8 12. Nxc6 Bxc6 13. Bd3 Qb6 14. c4 Nxe4 15. fxe4 Bxg5 16. Qh5 Qa5+ 17. Kf1 Qd2 18. Qe2 Qf4+ 19. Ke1 O-O 20. cxb5 axb5 21. Rd1 f5 22. e5 dxe5 23. Nxb5 Bxb5 24. Bxb5 Rfd8 25. Bd7 Rc1 0-1

[Event "Civil Service Ch 9th"]
[Site "Leeds"]
[Date "1999.07.28"]
[Round "2"]
[White "Nicholas, Jeff J"]
[Black "Thurlow, Kevin J"]
[Result "1/2-1/2"]
[WhiteElo "1720"]
[BlackElo "2085"]
[PlyCount "64"]
[EventDate "1999.07.28"]
[EventType "swiss"]
[EventRounds "5"]
[EventCountry "ENG"]
[SourceTitle "BritBase"]
[Source "John Saunders"]
[SourceDate "2024.12.03"]
[SourceVersion "1"]
[SourceVersionDate "2024.12.03"]
[SourceQuality "1"]

1. d4 Nf6 2. Nf3 e6 3. c4 b6 4. g3 Ba6 5. b3 Bb4+ 6. Bd2 Bxd2+ 7. Nbxd2 d5 8. Bg2 Bb7 9. O-O O-O 10. Ne5 Nfd7 11. Nxd7 Nxd7 12. e4 dxc4 13. Nxc4 Nf6 14. Re1 Rc8 15. e5 Nd5 16. Rc1 Ba8 17. a3 Qe7 18. b4 a5 19. bxa5 bxa5 20. Qa4 Nb6 21. Qxa5 Bxg2 22. Kxg2 Nxc4 23. Rxc4 Ra8 24. Qb4 Qxb4 25. axb4 Rfb8 26. Rb1 Ra7 27. Rc5 Kf8 28. d5 exd5 29. Rxd5 Rab7 30. Rd4 c5 31. Rc4 Rxb4 32. Rbc1 Rxc4 1/2-1/2

[Event "Civil Service Ch 9th"]
[Site "Leeds"]
[Date "1999.07.28"]
[Round "2"]
[White "Wager, John D"]
[Black "Portman, Carl S"]
[Result "0-1"]
[WhiteElo "2110"]
[BlackElo "1820"]
[PlyCount "56"]
[EventDate "1999.07.28"]
[EventType "swiss"]
[EventRounds "5"]
[EventCountry "ENG"]
[SourceTitle "BritBase"]
[Source "John Saunders"]
[SourceDate "2024.12.03"]
[SourceVersion "1"]
[SourceVersionDate "2024.12.03"]
[SourceQuality "1"]

1. b3 e6 2. Bb2 d5 3. Nf3 Nf6 4. e3 Be7 5. Be2 O-O 6. d3 Nbd7 7. Nbd2 a5 8. h3 c6 9. a4 h6 10. O-O Nh7 11. e4 dxe4 12. dxe4 Qc7 13. e5 Rd8 14. Qc1 b6 15. Ne4 Nc5 16. Ng3 Ba6 17. Bxa6 Nxa6 18. Qf4 Nb4 19. Rac1 Nd5 20. Qg4 Kf8 21. h4 Bb4 22. Qe4 Kg8 23. c4 Ne7 24. Ne1 Rd2 25. Ba1 Rad8 26. Nf3 R2d3 27. Nd4 Rd2 28. Bc3 Bxc3 0-1

[Event "Civil Service Ch 9th"]
[Site "Leeds"]
[Date "1999.07.28"]
[Round "2"]
[White "Wedlock, Stephen L"]
[Black "Reese, Jon D"]
[Result "1-0"]
[WhiteElo "1775"]
[BlackElo "1640"]
[PlyCount "77"]
[EventDate "1999.07.28"]
[EventType "swiss"]
[EventRounds "5"]
[EventCountry "ENG"]
[SourceTitle "BritBase"]
[Source "John Saunders"]
[SourceDate "2024.12.03"]
[SourceVersion "1"]
[SourceVersionDate "2024.12.03"]
[SourceQuality "1"]

1. e4 g6 2. d4 Bg7 3. Nc3 c6 4. Nf3 d5 5. e5 h5 6. Bd3 Nh6 7. h3 Bf5 8. Bxh6 Bxh6 9. Bxf5 gxf5 10. e6 fxe6 11. Ne5 Bg7 12. Ng6 Rh6 13. Nf4 Qb6 14. Nxh5 Bxd4 15. O-O c5 16. Na4 Qc6 17. c3 Bh8 18. b3 Nd7 19. Rc1 O-O-O 20. Nf4 Rg8 21. Re1 Be5 22. Nd3 d4 23. f3 Qd6 24. Nxe5 Nxe5 25. cxd4 Nxf3+ 26. Qxf3 Qxd4+ 27. Qf2 Qxf2+ 28. Kxf2 b6 29. b4 Rhg6 30. Rg1 Kb7 31. bxc5 b5 32. c6+ Kc7 33. Nb2 e5 34. Nd3 e4 35. Nb4 Rd6 36. Rgd1 a5 37. Nd5+ Kd8 38. c7+ Kd7 39. Nb6+ 1-0

[Event "Civil Service Ch 9th"]
[Site "Leeds"]
[Date "1999.07.28"]
[Round "3"]
[White "Calvert, David Ian"]
[Black "Charter, Mark R"]
[Result "1/2-1/2"]
[WhiteElo "1885"]
[BlackElo "2045"]
[PlyCount "56"]
[EventDate "1999.07.28"]
[EventType "swiss"]
[EventRounds "5"]
[EventCountry "ENG"]
[SourceTitle "BritBase"]
[Source "John Saunders"]
[SourceDate "2024.12.03"]
[SourceVersion "1"]
[SourceVersionDate "2024.12.03"]
[SourceQuality "1"]

1. b3 d5 2. Bb2 Nf6 3. e3 Bf5 4. Nf3 e6 5. Be2 Bd6 6. d3 Nbd7 7. Nh4 Bg6 8. Nxg6 hxg6 9. h3 Qe7 10. c4 O-O-O 11. Nc3 c6 12. Qc2 Kb8 13. O-O-O Ba3 14. Bxa3 Qxa3+ 15. Qb2 Qxb2+ 16. Kxb2 dxc4 17. dxc4 Nc5 18. Rxd8+ Rxd8 19. Rd1 Rxd1 20. Nxd1 Nfe4 21. b4 Na4+ 22. Kc2 Nb6 23. f3 Ng3 24. Bd3 Nd7 25. f4 Kc7 26. Nf2 c5 27. b5 Kd6 28. Ne4+ Nxe4 1/2-1/2

[Event "Civil Service Ch 9th"]
[Site "Leeds"]
[Date "1999.07.28"]
[Round "3"]
[White "Coleman, G"]
[Black "Wager, John D"]
[Result "0-1"]
[WhiteElo "1750"]
[BlackElo "2110"]
[PlyCount "79"]
[EventDate "1999.07.28"]
[EventType "swiss"]
[EventRounds "5"]
[EventCountry "ENG"]
[SourceTitle "BritBase"]
[Source "John Saunders"]
[SourceDate "2024.12.03"]
[SourceVersion "1"]
[SourceVersionDate "2024.12.03"]
[SourceQuality "1"]

1. e4 Nc6 2. Nc3 e6 3. d4 Nf6 4. Be3 Bb4 5. Bd3 e5 6. d5 Ne7 7. a3 Bxc3+ 8. bxc3 d6 9. h3 O-O 10. Ne2 Ne8 11. Ng3 g6 12. Bh6 Ng7 13. c4 f5 14. f3 f4 15. Bxg7 Kxg7 16. Nf1 {White offered draw} Ng8 17. Qd2 c5 18. Rb1 Rb8 19. c3 Qa5 20. Qc1 Bd7 21. Nd2 Nf6 22. O-O g5 23. Kf2 h5 24. Rh1 Kf7 25. Rb3 Rg8 26. Nb1 Qc7 27. Be2 Rg7 28. Qg1 Rbg8 29. Qh2 Ke8 30. Nd2 Bc8 31. Rbb1 Rg6 32. Rbg1 Qa5 33. Nb1 Qa4 34. Rc1 Qb3 35. Qg1 g4 36. hxg4 hxg4 37. Qd1 Qb6 38. Nd2 gxf3 39. Bxf3 Bg4 40. Qf1 {and lost on time} 0-1

[Event "Civil Service Ch 9th"]
[Site "Leeds"]
[Date "1999.07.28"]
[Round "3"]
[White "Maxwell, Alistair"]
[Black "Ashby, Anthony C"]
[Result "1/2-1/2"]
[WhiteElo "2005"]
[BlackElo "1980"]
[PlyCount "87"]
[EventDate "1999.07.28"]
[EventType "swiss"]
[EventRounds "5"]
[EventCountry "ENG"]
[SourceTitle "BritBase"]
[Source "John Saunders"]
[SourceDate "2024.12.03"]
[SourceVersion "1"]
[SourceVersionDate "2024.12.03"]
[SourceQuality "1"]

1. e4 e5 2. Nf3 Nc6 3. Bb5 a6 4. Ba4 Nf6 5. O-O b5 6. Bb3 d6 7. c3 Be7 8. Re1 Bg4 9. d3 O-O 10. Nbd2 Na5 11. Bc2 c5 12. Nf1 h6 13. h3 Be6 14. Ne3 Qc7 15. Nh2 d5 16. Qf3 Rad8 17. Nf5 Bxf5 18. Qxf5 d4 19. Ng4 Nxg4 20. Qxg4 Rd6 21. cxd4 cxd4 22. Bd1 Rg6 23. Qe2 Bb4 24. Bd2 Bxd2 25. Qxd2 Rc8 26. Bg4 Rb8 27. Rac1 Qb6 28. Rc2 b4 29. Rec1 Rc6 30. Rxc6 Nxc6 31. Qc2 Nd8 32. Qa4 Qd6 33. Rc4 g6 34. Bc8 Rb6 35. Qe8+ Kg7 36. Bxa6 Rxa6 37. Rc8 Qf8 38. Qxf8+ Kxf8 39. Rxd8+ Ke7 40. Rb8 Rxa2 41. Rxb4 Ra1+ 42. Kh2 Rd1 43. Rb3 Rd2 44. Kg3 1/2-1/2

[Event "Civil Service Ch 9th"]
[Site "Leeds"]
[Date "1999.07.28"]
[Round "3"]
[White "Portman, Carl S"]
[Black "Nicholas, Jeff J"]
[Result "1/2-1/2"]
[WhiteElo "1820"]
[BlackElo "1720"]
[PlyCount "30"]
[EventDate "1999.07.28"]
[EventType "swiss"]
[EventRounds "5"]
[EventCountry "ENG"]
[SourceTitle "BritBase"]
[Source "John Saunders"]
[SourceDate "2024.12.03"]
[SourceVersion "1"]
[SourceVersionDate "2024.12.03"]
[SourceQuality "1"]

1. d4 d5 2. Nf3 Nf6 3. e3 Nbd7 4. c4 e6 5. Nc3 Be7 6. cxd5 exd5 7. Bd3 O-O 8. O-O Re8 9. Qc2 Nf8 10. Ne5 c5 11. Bb5 N8d7 12. Rd1 cxd4 13. exd4 a6 14. Bxd7 Bxd7 15. Nxd7 Qxd7 1/2-1/2

[Event "Civil Service Ch 9th"]
[Site "Leeds"]
[Date "1999.07.28"]
[Round "3"]
[White "Reese, Jon D"]
[Black "Lane, Nancy S"]
[Result "0-1"]
[WhiteElo "1640"]
[BlackElo "1910"]
[PlyCount "68"]
[EventDate "1999.07.28"]
[EventType "swiss"]
[EventRounds "5"]
[EventCountry "ENG"]
[SourceTitle "BritBase"]
[Source "John Saunders"]
[SourceDate "2024.12.03"]
[SourceVersion "1"]
[SourceVersionDate "2024.12.03"]
[SourceQuality "1"]

1. e4 e5 2. Nf3 Nc6 3. Bb5 a6 4. Ba4 Be7 5. O-O b5 6. Bb3 d6 7. h3 Nf6 8. Re1 Na5 9. c3 Nxb3 10. axb3 Bb7 11. d3 O-O 12. Bg5 h6 13. Bh4 Nd7 14. Bxe7 Qxe7 15. Nbd2 f5 16. d4 fxe4 17. Nxe4 Qf7 18. Qc2 Qg6 19. Qe2 Rf4 20. Nfd2 exd4 21. f3 Re8 22. Qf1 d5 23. Nf2 dxc3 24. bxc3 Rf6 25. c4 dxc4 26. Ng4 Rfe6 27. Rxe6 Qxe6 28. bxc4 b4 29. Nb3 c5 30. Ra5 Qd6 31. Nf2 Re3 32. Nc1 Ne5 33. Nd1 Nxf3+ 34. gxf3 Qg3+ 0-1

[Event "Civil Service Ch 9th"]
[Site "Leeds"]
[Date "1999.07.28"]
[Round "3"]
[White "Thurlow, Kevin J"]
[Black "Wedlock, Stephen L"]
[Result "1-0"]
[WhiteElo "2085"]
[BlackElo "1775"]
[PlyCount "51"]
[EventDate "1999.07.28"]
[EventType "swiss"]
[EventRounds "5"]
[EventCountry "ENG"]
[SourceTitle "BritBase"]
[Source "John Saunders"]
[SourceDate "2024.12.03"]
[SourceVersion "1"]
[SourceVersionDate "2024.12.03"]
[SourceQuality "1"]

1. Nf3 d5 2. b3 Nf6 3. Bb2 e6 4. e3 Be7 5. Be2 O-O 6. O-O b6 7. Ne5 Bb7 8. f4 Nbd7 9. d3 Nxe5 10. fxe5 Ne8 11. Bg4 g6 12. Nd2 Ng7 13. Qe2 c5 14. c4 Qc7 15. Rac1 Rad8 16. d4 Qb8 17. Kh1 Nf5 18. cxd5 cxd4 19. Bxf5 exf5 20. d6 dxe3 21. Qxe3 Bh4 22. Qh6 g5 23. e6 f6 24. e7 Qxd6 25. exf8=Q+ Rxf8 26. Nf3 1-0

[Event "Civil Service Ch 9th"]
[Site "Leeds"]
[Date "1999.07.28"]
[Round "3"]
[White "Walker, Martin Graham"]
[Black "Tolan, John"]
[Result "0-1"]
[WhiteElo "2120"]
[BlackElo "1920"]
[PlyCount "74"]
[EventDate "1999.07.28"]
[EventType "swiss"]
[EventRounds "5"]
[EventCountry "ENG"]
[SourceTitle "BritBase"]
[Source "John Saunders"]
[SourceDate "2024.12.03"]
[SourceVersion "1"]
[SourceVersionDate "2024.12.03"]
[SourceQuality "1"]

1. e4 c5 2. Nf3 Nc6 3. Bb5 g6 4. O-O Bg7 5. Bxc6 bxc6 6. c3 Ba6 7. d3 Nf6 8. Re1 O-O 9. e5 Nd5 10. c4 Nc7 11. Nc3 d5 12. exd6 exd6 13. Bg5 Bf6 14. Bxf6 Qxf6 15. Qa4 Bb7 16. Ne4 Qd8 17. Qb3 Rb8 18. Re2 Ne6 19. Qa3 f5 20. Ng3 Nf4 21. Re3 Bc8 22. Qxa7 Rb7 23. Qa3 Nxg2 24. Kxg2 f4 25. Re4 fxg3 26. hxg3 Rbf7 27. Rf4 Rxf4 28. gxf4 Rxf4 29. Re1 Qd7 30. Nh2 Qh3+ 31. Kg1 Rh4 32. Qa8 Qxh2+ 33. Kf1 Qh3+ 34. Ke2 Rd4 35. f3 Qd7 36. Kd2 Rf4 37. Re3 Rf8 0-1

[Event "Civil Service Ch 9th"]
[Site "Leeds"]
[Date "1999.07.29"]
[Round "4"]
[White "Ashby, Anthony C"]
[Black "Portman, Carl S"]
[Result "1/2-1/2"]
[WhiteElo "1980"]
[BlackElo "1820"]
[PlyCount "91"]
[EventDate "1999.07.28"]
[EventType "swiss"]
[EventRounds "5"]
[EventCountry "ENG"]
[SourceTitle "BritBase"]
[Source "John Saunders"]
[SourceDate "2024.12.03"]
[SourceVersion "1"]
[SourceVersionDate "2024.12.03"]
[SourceQuality "1"]

1. e4 e6 2. Nf3 d5 3. e5 c5 4. b4 cxb4 5. d4 Nc6 6. Bd3 Be7 7. O-O Bd7 8. a3 Qb6 9. Be3 Nh6 10. c4 bxc3 11. Nxc3 Na5 12. Rb1 Qc7 13. Nb5 Qb8 14. Qc1 Nc6 15. Bxh6 gxh6 16. Qxh6 a6 17. Qg7 Rf8 18. Nd6+ Bxd6 19. exd6 Qxd6 20. Rxb7 Qxa3 21. Bxh7 Na5 22. Rbb1 Nc4 23. Ne5 Nxe5 24. Qxe5 f6 25. Qc7 Rc8 26. Qf4 Ke7 27. Ra1 Qd6 28. Qxd6+ Kxd6 29. Rxa6+ Rc6 30. Rxc6+ Bxc6 31. f4 f5 32. Bg6 Be8 33. Bxe8 Rxe8 34. h3 Rc8 35. Rd1 Rc3 36. Kf2 Rc2+ 37. Kg3 Ke7 38. Rd3 Kf6 39. Kf3 Rc1 40. Ke3 Rg1 41. Kf2 Rc1 42. g4 fxg4 43. hxg4 Rc2+ 44. Kg3 Rc1 45. Kf2 Rc2+ 46. Kg3 1/2-1/2